000 00832nam a2200265 a 4500
001 000022379
005 20240530073919.0
008 101006s2001 it 000 f ita d
020 _a8849700679
040 _aDO-SdBNP
_bspa
_cBNPHU
041 1 7 _aita
_hspa
082 _aRD863.44
_bV443r
100 1 _aVeloz Maggiolo, Marcio,
_d1936-2021
_91104
240 1 0 _aRitos de cabaret
_lEspaƱol
245 1 0 _aRiti di cabaret /
_cMarcio Veloz Maggiolo ; tradución Francesca Sammarco ; editado Danilo Manera.
260 _aNardo, Italia :
_bBESA,
_c2001.
300 _a156 p. ;
_c22 cm.
490 1 _aLune nuove
_v67
650 0 _aNovela dominicana
_9223
650 0 _aLiteratura dominicana.
_967
700 1 _aSammarco, Francesca,
_etr.
_946151
700 1 _aManera, Danilo
_923179
830 0 _aLune nuove
_n67
_946152
049 _aBNPD
999 _c21877
_d21877